Tenisový klub s reštauráciou - Pri Habánskom mlyne

Guardado en:
Detalles Bibliográficos
Autor principal: Švecová, Tatiana, 1987- (Autor)
Otros Autores: Ilkovičová, Ľubica, 1964- (Orientador)
Formato: Manuscrito Libro
Lenguaje:eslovaco
Publicado: Bratislava : STU v Bratislave FA, 2010
Materias:
Acceso en línea:VAIS
Etiquetas: Agregar Etiqueta
Sin Etiquetas, Sea el primero en etiquetar este registro!

MARC

LEADER 00000ntm a22000003a 4500
001 stu219118
005 20210728110743.3
008 101209s2010----xo------------------slo-d
040 |a STU  |b slo 
041 0 |a slo 
044 |a xo 
100 1 |a Švecová, Tatiana,  |d 1987-  |4 aut  |u A  |T FAD Fakulta architektúry  |X 39848  |U A  |Y 50  |7 A000039848 
242 0 0 |a Tennis club with restaurant - Pri Habánskom mlyne  |y eng 
245 1 |a Tenisový klub s reštauráciou - Pri Habánskom mlyne 
260 |a Bratislava :  |b STU v Bratislave FA,  |c 2010 
650 7 |a architektúra a urbanizmus  |2 stusub 
650 7 |a Architecture and Urban Design  |2 estusub 
650 7 |a šport  |2 stusub 
650 7 |a reštaurácia  |2 stusub 
700 1 |a Ilkovičová, Ľubica,  |d 1964-  |4 ths  |u A4140  |U FAD Fakulta architektúry  |U FAD Fakulta architektúry  |T FA Ústav konštrukcií v architektúre a inžinierskych stavieb  |X 443  |U A4140  |Y 395  |7 A000000443 
856 4 |a info a plný text  |u http://is.stuba.sk/zp/portal_zp.pl?podrobnosti=5086  |u https://opac.crzp.sk/?fn=detailBiblioForm&sid=4156E77560192824B4601B96D6BB  |3 VAIS